Funiculares aéreos : Ceretti & Tanfani, S.A. Ceretti & Tanfani, S.A.
Descripción Física:
[240] p. : il. ; 22 x 31 cm
MARC
| LEADER | 00000nam a2200000Ia 4500 | ||
|---|---|---|---|
| 001 | 22721 | ||
| 008 | 160829s1928 xx 000 0 cat d | ||
| 080 | |a FOL-3-89 | ||
| 245 | |a Funiculares aéreos : |b Ceretti & Tanfani, S.A. | ||
| 260 | |a Bérgamo : |b Officine dell'Istituto Italiano d'Arti Grafiche, |c 1928 | ||
| 300 | |a [240] p. : |b il. ; |c 22 x 31 cm | ||
| 590 | |a Títol extret de la coberta. | ||
| 590 | |a Prové de Q-501 | ||
| 650 | |a Ceretti & Tanfani, S.A. |x Catàlegs |9 47689 | ||
| 650 | |a Funiculars |x Catàlegs |9 47690 | ||
| 901 | |a Arxiu | ||
| 942 | |n 1 | ||
| 952 | |0 0 |1 0 |4 0 |6 FOL389 |7 1 |9 54038 |a Arxiu |b Arxiu |d 2016-12-01 |l 0 |o FOL-3-89 |p 22721 |r 2016-12-01 00:00:00 |w 2016-12-01 |y ARXIU | ||
| 999 | |c 57906 |d 57906 | ||